[Event "Leipzig VfB op 15th"]
[Site "Leipzig"]
[Date "2008.02.29"]
[Round "6"]
[White "Schlichter, Martin"]
[Black "Ott, Herbert"]
[Result "1-0"]
[WhiteElo "1206"]
[BlackElo "1617"]
[PlyCount "77"]
[EventDate "2008.02.26"]
[EventType "swiss"]
[EventRounds "9"]
[EventCountry "GER"]
[SourceTitle "CBM 123 Extra"]
[Source "ChessBase"]
[SourceDate "2008.05.06"]
[SourceVersion "1"]
[SourceVersionDate "2008.05.06"]
[SourceQuality "1"]

1. f4 d5 2. Nf3 Nf6 3. e3 Bf5 4. b3 h6 5. Bb2 e6 6. Be2 Nbd7 7. h3 Bc5 8. 0-0 Qe7 9. Bd4 Bd6 10. Kh1 0-0 11. d3 Ne8 12. g4 Bg6 13. Qe1 c5 14. Bb2 c4 15. Rg1 cxd3 16. cxd3 e5 17. f5 Bh7 18. e4 d4 19. h4 g5 20. hxg5 hxg5 21. Kg2 Kg7 22. Rh1 Rh8 23. Qg3 Qf6 24. Nbd2 b5 25. Rh5 Bg8 26. Rxg5+ Kf8 27. Rh1 Rxh1 28. Kxh1 Qh6+ 29. Rh5 Qg7 30. Bc1 Nef6 31. Rh4 Rc8 32. Nc4 Nxg4 33. Rxg4 Qh8+ 34. Rh4 Bh7 35. Bh6+ Ke7 36. Qg5+ f6 37. Qg7+ Qxg7 38. Bxg7 Nf8 39. Bxf8+ 1-0

[Event "Leipzig VfB op 15th"]
[Site "Leipzig"]
[Date "2008.02.28"]
[Round "3"]
[White "Schlichter, Martin"]
[Black "Larter, Nick J"]
[Result "0-1"]
[WhiteElo "1206"]
[BlackElo "1780"]
[PlyCount "84"]
[EventDate "2008.02.26"]
[EventType "swiss"]
[EventRounds "9"]
[EventCountry "GER"]
[SourceTitle "CBM 123 Extra"]
[Source "ChessBase"]
[SourceDate "2008.05.06"]
[SourceVersion "1"]
[SourceVersionDate "2008.05.06"]
[SourceQuality "1"]

1. f4 e6 2. Nf3 b6 3. e3 Bb7 4. Be2 Nf6 5. b3 Nc6 6. Bb2 d5 7. h3 Be7 8. 0-0 a6 9. d3 Qd7 10. Nbd2 0-0-0 11. g4 Ne8 12. Ne5 Nxe5 13. fxe5 f6 14. Nf3 Rf8 15. d4 c6 16. a4 Nc7 17. c3 g6 18. b4 f5 19. g5 h6 20. h4 hxg5 21. hxg5 Rh8 22. Kg2 Rh7 23. Rh1 Rdh8 24. Rxh7 Rxh7 25. Qe1 Qd8 26. Qg3 Qh8 27. Rg1 Ne8 28. b5 cxb5 29. axb5 a5 30. c4 dxc4 31. Bxc4 Nc7 32. Rc1 Kb8 33. Kf2 Rh3 34. Qg1 Rxf3+ 35. Ke2 Qh5 36. Kd2 Rh3 37. Be2 Qxg5 38. Qf2 Bb4+ 39. Bc3 Bxc3+ 40. Rxc3 Nd5 41. Rb3 Qh4 42. Qxh4 Rxh4 0-1

[Event "Leipzig VfB op 15th"]
[Site "Leipzig"]
[Date "2008.02.26"]
[Round "1"]
[White "Seidel, Thomas1111"]
[Black "Schlichter, Martin"]
[Result "1-0"]
[WhiteElo "1948"]
[BlackElo "1206"]
[PlyCount "78"]
[EventDate "2008.02.26"]
[EventType "swiss"]
[EventRounds "9"]
[EventCountry "GER"]
[SourceTitle "CBM 123 Extra"]
[Source "ChessBase"]
[SourceDate "2008.05.06"]
[SourceVersion "1"]
[SourceVersionDate "2008.05.06"]
[SourceQuality "1"]

1. c4 c5 2. Nf3 Nc6 3. g3 d6 4. Bg2 Bd7 5. 0-0 g6 6. Nc3 Bg7 7. Rb1 Nf6 8. a3 a5 9. d4 cxd4 10. Nxd4 0-0 11. Ndb5 Rc8 12. Bg5 b6 13. Qd2 Ne5 14. b3 Bc6 15. e4 Qd7 16. h3 Qb7 17. Qe3 Rfd8 18. f4 Ned7 19. Nd4 e5 20. Nxc6 Qxc6 21. Rbd1 Qc5 22. Qxc5 Nxc5 23. fxe5 dxe5 24. Rxd8+ Rxd8 25. Bxf6 Rd3 26. Bxg7 Kxg7 27. b4 Rxc3 28. bxc5 bxc5 29. Rb1 Rxc4 30. Rb5 Ra4 31. Rxc5 Rxa3 32. Rxe5 Kf6 33. Rb5 a4 34. Ra5 h5 35. Kf2 Ra2+ 36. Kf3 a3 37. Bf1 g5 38. e5+ Kf5 39. Bd3+ Ke6 1-0